Sports Quiz

Random Sports or Baseball Quiz
Score 0/25 Timer 05:00
0 Plays Today
Position Player % Correct
1BPaul Konerko
97.6%
RFJermaine Dye
95.4%
CA.J. Pierzynski
92.4%
3BJoe Crede
91.1%
RPBobby Jenks
90.5%
SPMark Buehrle
89.3%
LFScott Podsednik
89.2%
SSJuan Uribe
86.4%
CFAaron Rowand
84.4%
SPJon Garland
83%
2BTadahito Iguchi
82.8%
SPFreddy Garcia
82.6%
SPJose Contreras
82%
Position Player % Correct
DHCarl Everett
74.1%
RPOrlando Hernandez
70.3%
IFGeoff Blum
65.8%
RPNeal Cotts
62.7%
RPDustin Hermanson
59.3%
2BWillie Harris
58.1%
RPCliff Politte
54.8%
CChris Widger
51.2%
IF-OFPablo Ozuna
50%
RPDamaso Marte
43.6%
OFTimo Perez
42.6%
RPLuis Vizcaino
33.2%

You're not logged in!

Compare scores with friends on all Sporcle quizzes.
OR
Log In

Sporcle TV

Today on Sporcle TV


Watch our educational content, quiz creation guides, and fun videos on Sporcle TV.

Show Comments

Extras

Top Quizzes Today


Score Distribution

Paid Content

Your Account Isn't Verified!

In order to create a playlist on Sporcle, you need to verify the email address you used during registration. Go to your Sporcle Settings to finish the process.

Report this User

Report this user for behavior that violates our Community Guidelines.

Details: